Demon Slayer - Les 12 Lunes Démoniaques - Statistiques

Statistiques générales
  • Ce quiz a été pris 330 fois
  • Le résultat moyen est 9 sur 17
Statistiques - réponses
Par images Réponse % Correct
Akaza
99%
Doma
95%
Daki
84%
Kokushibo
84%
Gyutaro
81%
Rui
81%
Enmu
78%
Gyokko
66%
Hantengu
63%
Nakime
63%
Kaigaku
55%
Kyogai
31%
Mukago
13%
Rokuro
13%
Wakuraba
11%
Kamanue
10%
Hairo
8%
Aucun quiz correspondant
Distribution des résultats
% des personnes avec chaque résultat
Percentile par nombre de réponses
Votre historique - résultats
Vous n’avez pas pris ce quiz